000 00429nam a22001697a 4500
003 MPLRDC
005 20220104114311.0
008 210129b ||||| |||| 00| 0 eng d
082 _a857.41 GDXS v.6
100 _a孟钰、林胜义
245 _a龙虎传奇
_c
260 _a
_b雷鼓出版社
_c1989
300 _b
490 _a古典小说精华
650 _a话本小说及章回--评话
942 _cBK
_o857.41 GDXS v.6
999 _c6415
_d6405